Handboek der organische scheikunde
Gespeichert in:
| 1. Verfasser: | |
|---|---|
| Format: | keine Angabe |
| Sprache: | Niederländisch |
| Erschienen: |
Amsterdam
H. Hoste, uitgever-boekhandelaar/J. Noordendorp, boekhandelaar/Drukkerij van I. S. Van Doosselaere
1873
|
| Katalog: | MANES: Suchergebnis im Bibliothekskatalog |
| Schulbuchspezifische Eigenschaften: |
|
| Schlagworte: | |
| Tags: |
Tag hinzufügen
Keine Tags, Fügen Sie den ersten Tag hinzu!
|
| Hinzugefügt zu: | 26.04.2016 |
MARC
| LEADER | 000000000a22000000004500 | ||
|---|---|---|---|
| 001 | 23377 | ||
| 008 | 160427s be ||||| |||| 00| 0 dut d | ||
| 040 | |a manes |c manes | ||
| 041 | |a Neerlandés | ||
| 100 | 1 | |a MOREL, Jul. |b Dr. [doctor], leeraar aan de nijverheidschool van Gent | |
| 245 | 0 | 0 | |a Handboek der organische scheikunde |
| 260 | 3 | |a Amsterdam |b H. Hoste, uitgever-boekhandelaar/J. Noordendorp, boekhandelaar/Drukkerij van I. S. Van Doosselaere |c 1873 | |
| 300 | |a XII+275 p. | ||
| 546 | |a Bélgica | ||
| 650 | 7 | |a Física y Química | |
| 655 | 7 | |a Secundaria | |
| 942 | |2 ddc |c BK | ||
| 999 | |c 45705 |d 45705 | ||
| 999 | |c manes:45705 |d 45705 | ||